Snow White and rose red

Bibliographic Details
Format: Book
Published: India : R.K.Educational Aids , 2005
Series:Best fairy tales
Subjects:

MARC

LEADER 00000cam a2200000 7i4500
001 0000067318
005 20220105105413.0
008 160227
020 |a 8178482061 
090 0 0 |a CT   |b ENG 
245 0 0 |a Snow White and rose red 
260 |a India :   |b R.K.Educational Aids ,   |c 2005 
300 |a 16pg. :   |b col.ill. 
490 1 |a Best fairy tales 
500 |a Children ages 7-9 years old (orange) 
650 0 |a Children's stories, English 
999 |a 0001043463   |b Book   |c Children Collection   |e Cawangan Tmn. Ungku Tun Aminah 
999 |a 0001043464   |b Book   |c Children Collection   |e Cawangan Segamat